<?xml version="1.0" encoding="UTF-8"?><?xml-stylesheet type="text/xsl" href="static/style.xsl"?><OAI-PMH xmlns="http://www.openarchives.org/OAI/2.0/" xmlns:xsi="http://www.w3.org/2001/XMLSchema-instance" xsi:schemaLocation="http://www.openarchives.org/OAI/2.0/ http://www.openarchives.org/OAI/2.0/OAI-PMH.xsd"><responseDate>2026-06-01T18:07:18Z</responseDate><request verb="GetRecord" identifier="oai:riuma.uma.es:10630/14535" metadataPrefix="marc">https://riuma.uma.es/rest/oai/request</request><GetRecord><record><header><identifier>oai:riuma.uma.es:10630/14535</identifier><datestamp>2026-02-03T12:23:40Z</datestamp><setSpec>com_10630_2254</setSpec><setSpec>col_10630_37959</setSpec></header><metadata><record xmlns="http://www.loc.gov/MARC21/slim" xmlns:dcterms="http://purl.org/dc/terms/" xmlns:doc="http://www.lyncode.com/xoai" xmlns:xsi="http://www.w3.org/2001/XMLSchema-instance" xsi:schemaLocation="http://www.loc.gov/MARC21/slim http://www.loc.gov/standards/marcxml/schema/MARC21slim.xsd">
   <leader>00925njm 22002777a 4500</leader>
   <datafield ind2=" " ind1=" " tag="042">
      <subfield code="a">dc</subfield>
   </datafield>
   <datafield ind2=" " ind1=" " tag="720">
      <subfield code="a">Moreno-Pérez, Alba</subfield>
      <subfield code="e">author</subfield>
   </datafield>
   <datafield ind2=" " ind1=" " tag="720">
      <subfield code="a">Castañeda-Ojeda, M. Pilar</subfield>
      <subfield code="e">author</subfield>
   </datafield>
   <datafield ind2=" " ind1=" " tag="720">
      <subfield code="a">Murillo, Jesús</subfield>
      <subfield code="e">author</subfield>
   </datafield>
   <datafield ind2=" " ind1=" " tag="720">
      <subfield code="a">López-Solanilla, Emilia</subfield>
      <subfield code="e">author</subfield>
   </datafield>
   <datafield ind2=" " ind1=" " tag="720">
      <subfield code="a">Rodríguez-Palenzuela, Pablo</subfield>
      <subfield code="e">author</subfield>
   </datafield>
   <datafield ind2=" " ind1=" " tag="720">
      <subfield code="a">Ramos-Rodríguez, Cayo Juan</subfield>
      <subfield code="e">author</subfield>
   </datafield>
   <datafield ind2=" " ind1=" " tag="260">
      <subfield code="c">2017-09-26</subfield>
   </datafield>
   <datafield ind2=" " ind1=" " tag="520">
      <subfield code="a">The species Pseudomonas savastanoi, a member of the Pseudomonas syringae complex,&#xd;
includes four pathovars causing knots or excrescences in woody hosts: P. savastanoi pv.&#xd;
savastanoi (Psv), pv. fraxini (Psf), pv. nerii (Psn) and pv. retacarpa (Psr), comprising isolates&#xd;
from olive, ash, oleander and broom plants, respectively. Pathogenicity of P. savastanoi is&#xd;
dependent, among other factors, on the type III secretion system (T3SS) and its effector&#xd;
(T3E) repertoire. Furthermore, a putative role in the interaction with woody hosts has been&#xd;
suggested for several of these T3E. The recent availability of the genome sequences of&#xd;
several P. savastanoi strains isolated from different hosts has facilitated bioinformatics&#xd;
predictions of their T3SS genes and T3E pools, the study of their distribution in other strains&#xd;
of the P. syringae complex isolated from woody hosts and the functional analysis of several&#xd;
of these secreted proteins. As previously reported for Psv, Psn and Psf, here we show that&#xd;
pathogenicity of Psr ICMP16945, is also dependent on the T3SS. Psv strains NCPPB 3335,&#xd;
ICMP4352 and PseNe107 share a core set of at least 22 T3E, 18 of which are also encoded in&#xd;
Psn ICMP16943, Psf ICMP7711 and Psr ICMP16945. However, these three strains encode&#xd;
truncated versions of 1-2 of these 18 T3E and, Psr ICMP16945 contains three pathovarspecific&#xd;
T3E. Our results also show that several T3E, including HopAO1, are phylogenetically&#xd;
clustered across the P. syringae complex according to the woody/herbaceous nature of their&#xd;
host of isolation, suggesting host specialization of these effectors in this complex.</subfield>
   </datafield>
   <datafield ind1="8" ind2=" " tag="024">
      <subfield code="a">http://hdl.handle.net/10630/14535</subfield>
   </datafield>
   <datafield tag="653" ind2=" " ind1=" ">
      <subfield code="a">Pseudomonas</subfield>
   </datafield>
   <datafield ind2="0" ind1="0" tag="245">
      <subfield code="a">Comparative Analysis of the Type III Secretion System Effector Repertoires of Pseudomonas savastanoi Pathovars Pathogenic on Woody Hosts</subfield>
   </datafield>
</record>
</metadata></record></GetRecord></OAI-PMH>